Sports Quiz

Random Sports or NFL Quiz

Every Rushing TD in 2015 NFL Season Quiz Stats

 Plays Quiz Updated Jan 21, 2016

Challenge
Share
Tweet
Embed
Score 0/126 Timer 12:00
0 Plays Today
Team Player % Correct
ArizonaDavid Johnson
91.5%
ArizonaChris Johnson
91.4%
New OrleansAustin Johnson
90.2%
PittsburghWill Johnson
90.2%
CarolinaCam Newton
88.2%
MinnesotaAdrian Peterson
85.9%
PittsburghDeAngelo Williams
84.2%
BuffaloKarlos Williams
84.1%
NY GiantsAndre Williams
83.9%
ArizonaKerwynn Williams
83.8%
ChicagoMatt Forte
82.2%
SeattleMarshawn Lynch
81.9%
Kansas CityAlex Smith
81%
BuffaloLeSean McCoy
79.9%
PhiladelphiaDeMarco Murray
79.6%
OaklandLatavius Murray
79.4%
AtlantaDevonta Freeman
79.4%
Green BayEddie Lacy
79.3%
CarolinaJonathan Stewart
79.2%
IndianapolisFrank Gore
78.5%
Green BayAaron Rodgers
78%
New EnglandTom Brady
77.6%
Kansas CityJamaal Charles
77.5%
CincinnatiJeremy Hill
77.4%
PittsburghLe'Veon Bell
77%
DetroitJoique Bell
76.7%
DenverC.J. Anderson
75.2%
ArizonaCarson Palmer
75%
Saint LouisTodd Gurley
72.9%
SeattleRussell Wilson
72.8%
HoustonArian Foster
72.5%
WashingtonMatt Jones
70.8%
BuffaloTyrod Taylor
70%
CincinnatiAndy Dalton
69.7%
Tampa BayDoug Martin
69.5%
BaltimoreJoe Flacco
69.2%
ChicagoJay Cutler
68.5%
New EnglandLeGarrette Blount
68.2%
CincinnatiGiovani Bernard
68.2%
DallasDarren McFadden
67.5%
NY JetsChris Ivory
66.4%
MiamiLamar Miller
66.1%
Team Player % Correct
TennesseeMarcus Mariota
65.7%
San FranciscoBruce Miller
65.6%
MinnesotaTeddy Bridgewater
64.6%
Tampa BayJameis Winston
64.5%
New OrleansMark Ingram
64.3%
Kansas CityCharcandrick West
63.7%
Green BayJames Starks
62.3%
WashingtonAlfred Morris
62.3%
New OrleansDrew Brees
60.9%
JacksonvilleBlake Bortles
60.8%
MiamiRyan Tannehill
60.8%
WashingtonKirk Cousins
60.5%
New EnglandSteven Jackson
59.9%
BaltimoreJustin Forsett
59.3%
DenverRonnie Hillman
58%
DetroitMatthew Stafford
58%
San FranciscoColin Kaepernick
57.6%
PhiladelphiaDarren Sproles
57.2%
PhiladelphiaRyan Mathews
56.6%
NY JetsRyan Fitzpatrick
56.5%
New EnglandJames White
56.3%
HoustonAlfred Blue
55.1%
SeattleThomas Rawls
54.6%
SeattleBryce Brown
51.6%
San DiegoDonald Brown
51.5%
JacksonvilleT.J. Yeldon
51.3%
New EnglandDion Lewis
51.3%
San DiegoDanny Woodhead
51.2%
ArizonaAndre Ellington
50.6%
San FranciscoCarlos Hyde
50.4%
AtlantaTevin Coleman
49.2%
CarolinaMike Tolbert
47.4%
NY GiantsRashad Jennings
47.4%
JacksonvilleDenard Robinson
47.1%
New OrleansKhiry Robinson
46.9%
Saint LouisNick Foles
46.9%
ChicagoJeremy Langford
46.8%
ClevelandIsaiah Crowell
45.6%
Kansas CitySpencer Ware
44.9%
DetroitAmeer Abdullah
44.7%
DenverBrock Osweiler
44.7%
Green BayJohn Kuhn
41.9%
Team Player % Correct
Kansas CityKnile Davis
41.4%
San FranciscoBlaine Gabbert
38.5%
DallasJoseph Randle
37.7%
NY JetsBilal Powell
37.7%
Kansas CityDe'Anthony Thomas
36.4%
MinnesotaJerick McKinnon
36%
BaltimoreJavorius Allen
35.2%
ClevelandJosh McCown
35.2%
HoustonBrandon Weeden
34.3%
Saint LouisTavon Austin
29.6%
New OrleansTim Hightower
29.2%
HoustonRyan Mallett
28.6%
TennesseeDavid Cobb
28.2%
BuffaloE.J. Manuel
27.6%
TennesseeBishop Sankey
27.3%
Saint LouisTre Mason
26.5%
MiamiJay Ajayi
24.8%
TennesseeAntonio Andrews
24.8%
CarolinaCameron Artis-Payne
22.5%
MiamiJarvis Landry
21.3%
CincinnatiMohamed Sanu
20.1%
PittsburghMartavis Bryant
18%
HoustonChris Polk
17%
CarolinaFozzy Whittaker
16.6%
ChicagoKa'Deem Carey
16.5%
San FranciscoShaun Draughn
15.1%
BuffaloAnthony Dixon
14.6%
NY GiantsOrleans Darkwa
13.9%
HoustonJonathan Grimes
13.8%
BuffaloMike Gillislee
13.5%
TennesseeDexter McCluster
13.2%
TennesseeZach Mettenberger
12.9%
NY JetsZac Stacy
12.7%
DallasRobert Turbin
11.6%
BaltimoreLorenzo Taliaferro
9.2%
AtlantaTerron Ward
9.2%
MinnesotaZach Line
5.9%
Kansas CityDontari Poe
5.6%
SeattleWill Tukuafu
3.2%
OaklandJamize Olawale
2.7%
TennesseeJalston Fowler
2.4%
BaltimoreMichael Campanaro
1.8%

You're not logged in!

Compare scores with friends on all Sporcle quizzes.
OR
Log In

You Might Also Like...

Show Comments

Extras

Top Quizzes Today


Score Distribution

Your Account Isn't Verified!

In order to create a playlist on Sporcle, you need to verify the email address you used during registration. Go to your Sporcle Settings to finish the process.

Report this User

Report this user for behavior that violates our Community Guidelines.

Details: